İstiklal harbimiz/ (Record no. 14459)
[ view plain ]
| 000 -BAŞLIK | |
|---|---|
| Sabit Uzunlukta Kontrol Alanı | 00647nam a22002297a 4500 |
| 999 ## - SİSTEM KONTROL NUMARALARI (KOHA) | |
| Koha Biblionumber | 14459 |
| Koha Biblioitemnumber | 14459 |
| 003 - KONTROL NUMARASI IDENTIFIER | |
| Denetim Alanı | MIRAKIL |
| 005 - SON İŞLEM TARİHİ VE ZAMANI | |
| Denetim Alanı | 20210803114125.0 |
| 008 - SABİT-BOY VERİ ELEMANLARI - GENEL BİLGİLER | |
| Sabit Uzunlukta Kontrol Alanı | 210803b tu ||||| |||| 00| 0 tur d |
| 040 ## - KATALOGLAMA KAYNAK | |
| Orijinal Kataloglama Ajansı | TR-AnCHP |
| Kataloglama Dili | tur |
| Metne Dönüştürmek Ajansı | TR-AnCHP |
| 041 ## - DİL KODU | |
| Metin / Ses Parça Veya Ayrı Başlığın Dil Kodu | tur |
| 082 ## - DEWEY ONLU SINIFLANDIRMA NUMARASI | |
| Sınıflandırma Numarası | 956.1023 |
| Ürün Numarası | K26i 1988. |
| 100 ## - ANA GİRİŞ - KİŞİSEL İSİM | |
| Kişisel Ad | Karabekir, Kazım |
| Bir Adıyla İlişkilendirilen Tarihler | 1882-1948 |
| 245 ## - BAŞLIK TABLOSU | |
| Başlık | İstiklal harbimiz/ |
| Sorumluluk Tablosu, Vb | Kazım Karabekir. |
| 260 ## - YAYIN, DAĞITIM, VB | |
| Yayın, Dağıtım, Vb Yeri | İstanbul: |
| Yayıncı, Dağıtıcı, Vs Adı | Merk Yayıncılık, |
| Yayın, Dağıtım, Vb Tarihi | 1988. |
| 300 ## - FİZİKSEL TANIM | |
| Kapsam | 1215 s.: |
| Diğer Fiziksel Ayrıntıları | fotg.; |
| Boyutlar | 24 sm. |
| 504 ## - KAYNAKÇA VB NOT | |
| Kaynakça Vb Notu | Dizin vardır. |
| 600 ## - KONU KATMA GİRİŞ - KURUMSAL ADI | |
| Kişisel Ad | Karabekir, Kazım |
| Bir Adıyla İlişkilendirilen Tarihler | 1882-1948 |
| 650 ## - KONU KATMA GİRİŞ - TOPİKAL DÖNEM | |
| Topikal Süreli Veya Coğrafi Ad Giriş Elemanı | Tarih |
| Genel Alt Bölümü | Kurtuluş Savaşı |
| 651 ## - KONU KATMA GİRİŞ - COĞRAFİ ADI | |
| Coğrafi İsim | Türkiye |
| Genel Alt Bölümü | Tarih |
| 942 ## - EKLENDİ GİRİŞ ELEMANLARI (KOHA) | |
| Sınıflandırma Veya Raf Düzeni Kaynak | Dewey Decimal Classification |
| Koha Öğesi Türü | Books |
| 999 ## - SİSTEM KONTROL NUMARALARI (KOHA) | |
| Koha Biblioitemnumber | 14459 |
| Kalıcı Konum | Mevcut Konum | Edinme Tarihi | Toplam Check-Out'Lar | Tam Çağrı Numarası | Barkod | Tarih Son Görülme | İtibaren Geçerli Fiyatlar | Sigara Kamu Notu | Koha Öğesi Türü |
|---|---|---|---|---|---|---|---|---|---|
| Parti Okulu Kütüphanesi | Parti Okulu Kütüphanesi | 08/03/2021 | 956.1023 K26i 1988 | P00816 | 08/03/2021 | 08/03/2021 | Emin Değer Bağışıdır. | Books |
